Historia del pensamiento político
Furkejuvvon:
| Váldodahkkit: | , , |
|---|---|
| Materiálatiipa: | Girji |
| Giella: | espánnjágiella |
| Almmustuhtton: |
Madrid
Tecnos
1987
|
| Ráidu: | Colección Ciencias jurídicas
|
| Fáttát: | |
| Fáddágilkorat: |
Lasit fáddágilkoriid
Eai fáddágilkorat, Lasit vuosttaš fáddágilkora!
|
MARC
| LEADER | 00000nam a2200000 a 4500 | ||
|---|---|---|---|
| 001 | UCV2402 | ||
| 003 | CL-VaPUC | ||
| 008 | 920630e19870000SP |||||||||||||||||spa|d | ||
| 082 | 0 | 4 | |a 320.01 |b CHA |2 21 |
| 100 | |a Châtelet, François |e auteur |9 588262 | ||
| 700 | 0 | |a Duhamel, Olivier |e author |9 296646 | |
| 700 | 0 | |a Pisier Kouchner, Evelyne |e author |9 296647 | |
| 245 | 1 | 0 | |a Historia del pensamiento político |
| 300 | |a 302 p | ||
| 942 | |c BK | ||
| 945 | |d 19920630 00:00:00 |a oaravena | ||
| 260 | |a Madrid |b Tecnos |c 1987 | ||
| 650 | 0 | |a Ciencias Políticas |9 255201 | |
| 650 | 0 | |a Historia |9 255047 | |
| 650 | 0 | |a Derecho político |9 257756 | |
| 583 | |a last modification |c 19920630 00:00:00 |k Rodrigo Vera | ||
| 490 | 0 | |a Colección Ciencias jurídicas | |
| 999 | |c 209989 |d 209987 | ||
| 952 | |0 0 |1 0 |2 ddc |4 0 |6 320_010000000000000_CHA_1987 |7 0 |8 DER_TF |9 185902 |a BIBDER |b BIBDER |d 2019-11-14 |i 2533790 |l 3 |o 320.01 CHA 1987 |p 2533790 |r 2023-01-25 |s 2022-06-14 |w 2019-11-14 |x Ubicación 4to Piso |y BK |z Estos recursos deben solicitarse con anticipación |k DER | ||
| 952 | |0 0 |1 0 |4 0 |6 320_010000000000000_CHA_1987 |7 0 |8 A |9 185903 |a BIBHIS |b BIBHIS |d 2019-11-14 |i 3033619 |o 320.01 CHA 1987 |p 3033619 |r 2025-01-20 |w 2019-11-14 |y BK |k HIS | ||